000 00264nam a2200121 a 4500
008 111026s2000|||| d
100 1 _aKrumlovská, Olga
245 1 0 _aJoga prstov
260 _bOttovo
_aPraha
_c2000
020 _c20
041 _aslo
044 _aCZ
999 _c19844
_d19844